| 000 | 00470nam a2200169Ia 4500 | ||
|---|---|---|---|
| 003 | GCL | ||
| 008 | 140319s9999 xx 000 0 eng d | ||
| 040 |
_aGCL / _cGCL |
||
| 082 | 0 | 4 |
_a370 _bM U |
| 100 | 1 | _aMCDANIEL, ERNEST | |
| 245 | 1 | 0 |
_aUNDERSTANDING EDUCATIONAL MEASUREMENT / _cMCDANIEL, ERNEST |
| 260 |
_a[S.N] : _bWCB BROWN & BENCHANARK ، _c1994 |
||
| 300 | _a365 P | ||
| 650 | 0 | 4 | _aEDUCATIONAL TEST AND MEASUREMENT |
| 650 | 0 | 4 | _aHUMAN BEHAVIOR |
| 942 |
_2ddc _cBK |
||
| 999 |
_c16813 _d16813 |
||